Statystyki dla Selekcjonerzy reprezentacji Polski w piłce siatkowej mężczyzn

Kliknij tutaj aby rozwiązać quiz!

Ogólne statystyki

  • Ten quiz został rozwiązany 61 razy
  • Średni wynik to 6 z 10

Statystyki odpowiedzi

LataNarodowośćSelekcjoner% Poprawnych
12.01.2022 -SerbiaNikola Grbić
89%
07.02.2018–19.09.2021BelgiaVital Heynen
88%
24.10.2013–10.10.2016FrancjaStéphane Antiga
84%
23.02.2011–24.10.2013WłochyAndrea Anastasi
73%
20.12.2016–20.09.2017WłochyFerdinando De Giorgi
61%
17.01.2005–31.12.2008ArgentynaRaúl Lozano
55%
17.01.2009–25.10.2010ArgentynaDaniel Castellani
52%
2001–2003PolskaWaldemar Wspaniały
50%
2003–2004PolskaStanisław Gościniak
20%
2000–2001PolskaRyszard Bosek
18%

Rozkład punktacji

Percentyl według liczby udzielonych odpowiedzi

Procent ludzi z każdym wynikiem

Twoja historia wyników

Nie rozwiązałeś tego quizu